00193nam a2200073Ia 4500008004100000082000800041100001900049245005100068240331s9999 xx 000 0 und d bWAN aWanasundara, L 0aWomen of Sri Lanka :bn annotated bibliography